MARC

LEADER 00000nam0a2200000 4500
001 254869
005 20231101232956.0
010 |a 502016447X 
035 |a (RuTPU)RU\TPU\book\277371 
090 |a 254869 
100 |a 20140325d1989 k y0rusy50 ca 
101 0 |a rus 
102 |a RU 
105 |a y z 001zy 
200 1 |a Страны ОПЕК в развивающемся мире  |f И. А. Сейфульмулюков  |g Академия наук СССР (АН СССР), Институт мировой экономики и международных отношений (ИМЭМО) 
210 |a Москва  |c Наука  |d 1989 
215 |a 190 с. 
320 |a Библиогр.: с. 178-188. 
606 1 |a Экономика  |x Развивающиеся страны  |2 stltpush  |3 (RuTPU)RU\TPU\subj\26554  |9 50455 
610 1 |a ОПЕК 
610 1 |a нефть 
610 1 |a нефтяной рынок 
610 1 |a энергетические проблемы 
610 1 |a экспорт 
610 1 |a жидкое топливо 
610 1 |a экономическое сотрудничество 
686 |a У70  |v LBC/SL-A  |2 rubbk 
700 1 |a Сейфульмулюков  |b И. А.  |g Искандер Агдемович 
712 0 2 |a Академия наук СССР (АН СССР)  |b Институт мировой экономики и международных отношений (ИМЭМО)  |c (Москва)  |2 stltpush  |3 (RuTPU)RU\TPU\col\11484 
801 1 |a RU  |b 63413507  |c 20140325 
801 2 |a RU  |b 63413507  |c 20140410  |g RCR 
942 |c BK